|
|
|
|
| LEADER |
01240nam a2200301 a 4500 |
| 001 |
000539690 |
| 003 |
CZ BrMZK |
| 005 |
20000105143423.0 |
| 008 |
970203s1978 xr f cze d |
| 040 |
|
|
|a BOA001
|b cze
|
| 080 |
|
|
|a 697.3(076)
|2 MRF
|
| 100 |
1 |
|
|a Jelínek, Vladimír,
|d 1939-
|7 jn19990216083
|4 aut
|
| 245 |
1 |
0 |
|a Technické zařízení budov II :
|b určeno pro posl. fak. stavební : ústřední vytápění - cvičení /
|c Vladimír Jelínek, Karel Papež, Markéta Petrová
|
| 250 |
|
|
|a 1. vyd.
|
| 260 |
|
|
|a Praha :
|b ČVUT,
|c 1978
|
| 300 |
|
|
|a 213 s. ;
|c 4°
|
| 500 |
|
|
|a 900 výt.
|
| 500 |
|
|
|a Podnázev části: Cvičení
|
| 500 |
|
|
|a Přehl. lit.
|
| 500 |
|
|
|a S obr. a tb. v textu
|
| 700 |
1 |
|
|a Papež, Karel,
|d 1939-
|7 ntka173633
|4 aut
|
| 700 |
1 |
|
|a Petrová, Markéta
|7 jx20080901011
|4 aut
|
| 710 |
2 |
|
|a České vysoké učení technické v Praze.
|b Stavební fakulta
|7 kn20010710181
|
| 910 |
|
|
|a BOA001
|b TK-A-0196.707
|
| 964 |
|
|
|a Vytápění ústřední - praktika - učebnice vysokoškol.
|
| 990 |
|
|
|a BK
|
| 996 |
7 |
|
|b 2629971124
|c TK-A-0196.707
|l MZK
|r Sklad / do 24 hodin
|n 5
|w 000539690
|u 000010
|a 1
|e BOA001
|j MZK50
|s A
|
| 996 |
7 |
|
|b 2629978148
|c TK-A-0196.707
|l MZK
|r Sklad / do 24 hodin
|n 1
|w 000539690
|u 000020
|a 1
|e BOA001
|j MZK50
|s A
|